Joueurs valorant - Statistiques

Statistiques générales
  • Ce quiz a été pris 71 fois
  • Le résultat moyen est 11 sur 20
Statistiques - réponses
Par images Réponse % Correct
TenZ
98%
Florescent
86%
Aspas
85%
ScreaM
81%
Derke
80%
Benjyfishy
78%
Marteen
76%
Chronicle
71%
Sayf
59%
Sacy
56%
Saadhaak
54%
N4RRATE
53%
Veqaj
51%
Kamyk
42%
Comeback
37%
T3xture
34%
Sinatraa
29%
F0rsakeN
27%
Primmie
25%
Munchkin
15%
Aucun quiz correspondant
Distribution des résultats
% des personnes avec chaque résultat
Percentile par nombre de réponses
Votre historique - résultats
Vous n’avez pas pris ce quiz